000 00981nam a22002537a 4500
008 080908t xxu||||| |||| 00| 0 eng d
010 _aENG-90968
020 _a8183242626
_c650.00
035 _aEN-74501
037 _bDBAD /PUB
040 _aDPL
_bEnglish
082 _a373.22
100 _aSudarsana Reddy T.
245 _aComparative secondary education:
_cby T. Sudarsana Reddy
_ba case study of government and private schools /
260 _aNew Delhi
_bMittal Publications
_c2008
300 _axx, 241p.
_c23 cm (Hb)
500 _aIncludes bibliographical references and index
650 _2Education, Secondary
650 _2Private schools
_xCase study
650 _2High schools
_xCase study
650 _2Comparative education
942 _2ddc
_cEN
_mSUD
_h373.22
999 _c15382
_d15382